00421nam a22001457a 450000500170000000800410001702200130005804100250007108200130009610000250010924500420013426000440017630000290022065000260024920240311144330.0240311b |||||||| |||| 00| 0 eng d a02577747 aAfrikaans / English  a349 TYD  lAfrikaans / English  aTydskrif vir die Suid-Afrikaanse Reg  aKaapstad : bJuta en Kie Beperk, c2000 b811 blaadsye ; c25 cm.  aLegal practice bLaw